[Event "FSFMA Oct"]
[Site "Budapest HUN"]
[Date "2002.10.11"]
[Round "7"]
[White "Zilahi,G"]
[Black "Biro,Ge"]
[Result "0-1"]
[WhiteElo "2081"]
[BlackElo "2092"]

1.e4 c5 2.Nf3 Nc6 3.Bb5 e6 4.Bxc6 bxc6 5.O-O d5 6.Nc3 Nf6 7.e5 Nd7 8.d3 Be7
9.Re1 O-O 10.b3 Qc7 11.Bb2 f6 12.Qe2 fxe5 13.Nxe5 Nxe5 14.Qxe5 Bd6 15.Qh5 Rf5
16.Qe8+ Rf8 17.Qh5 Bd7 18.Na4 Rf5 19.Qh4 Raf8 20.Re2 g6 21.g4 Rf3 22.Rae1 d4
23.Bc1 e5 24.h3 Be6 25.c4 Qf7 26.Bg5 Rxd3 27.f4 Re3 28.Bh6 Rxe2 29.Rxe2 d3
30.Re3 Be7 31.Qe1 Rd8 32.Rxe5 d2 33.Qd1 g5 34.f5 Bc8 35.Re2 Qf6 36.Kg2 Kf7
37.Rxd2 Rxd2+ 38.Qxd2 Qxh6 39.Nc3 Qd6 40.Qc2 h6 41.Ne4 Qd4 42.Kf3 Bd8 43.Qf2 Bc7
44.Qe2 Bf4 45.Kg2 a5 46.a4 Kf8 47.Kf3 Qg1 48.Qd3 Qd4 49.Qe2 Kf7 50.Kg2 h5
51.Kf3 Qg1 52.Nf2 Qg3+ 53.Ke4 Qxb3 54.Qd3 Qxa4 55.gxh5 Qa1 56.Ng4 Qe1+ 57.Kf3 Qg3+
58.Ke2  0-1

[Event "TCh-SWE"]
[Site "Helsingborg SWE"]
[Date "2002.10.11"]
[Round "1"]
[White "Gausel,E"]
[Black "Barkhagen,J"]
[Result "1/2-1/2"]
[WhiteElo "2511"]
[BlackElo "2458"]

1.e4 c5 2.Nf3 Nc6 3.Bb5 e6 4.O-O Nge7 5.Re1 a6 6.Bf1 d5 7.exd5 Nxd5 8.d4 Nf6
9.Be3 Ng4 10.d5 Nxe3 11.Rxe3 Be7 12.c4 Bf6 13.Nc3 Nd4 14.Ne4 Nxf3+ 15.Qxf3 Bd4
16.dxe6 Bxe6 17.Rd1 Qe7 18.Rb3 Rb8 19.Qg3 O-O 20.Ng5 h6 21.Nxe6 fxe6 22.Rd2 e5
23.Rf3 e4 24.Re2 Rbe8 25.Rxf8+ Rxf8 26.Kh1 Qf7 27.Rxe4 Bxf2 28.Qf3 Qc7 29.Qe2 Qd8
30.g3 Qg5 31.Re8 Qf5 32.Rxf8+ Kxf8 33.Qd3 Qxd3  1/2-1/2

[Event "TCh-SWE"]
[Site "Helsingborg SWE"]
[Date "2002.10.11"]
[Round "1"]
[White "Backelin,R"]
[Black "Guglielmi,R"]
[Result "1-0"]
[WhiteElo "2292"]
[BlackElo "2195"]

1.Nf3 c5 2.e4 Nc6 3.Bb5 g6 4.Bxc6 bxc6 5.O-O Bg7 6.Re1 Nf6 7.e5 Nd5 8.c4 Nc7
9.d4 cxd4 10.Qxd4 Ne6 11.Qh4 h6 12.Nc3 a5 13.b3 Kf8 14.Ba3 f5 15.exf6 g5
16.fxg7+ Kxg7 17.Qe4 Rf8 18.Bb2  1-0

[Event "TCh-BEL 2001-2"]
[Site "Belgium BEL"]
[Date "2002.10.14"]
[Round "9"]
[White "Schalkx,J"]
[Black "Hausrath,D"]
[Result "0-1"]
[WhiteElo "2223"]
[BlackElo "2474"]

1.e4 c5 2.Nf3 Nc6 3.Bb5 g6 4.O-O Bg7 5.c3 Nf6 6.d4 Nxe4 7.d5 Nd6 8.Bd3 Ne5
9.Nxe5 Bxe5 10.Bh6 c4 11.Bc2 f5 12.Re1 Bf6 13.Na3 b5 14.Bf4 O-O 15.Bxd6 exd6
16.Nxb5 Qb6 17.Nd4 Bb7 18.b3 cxb3 19.Bxb3 Rac8 20.Rc1 Qc5 21.Qd3 Bxd5 22.Bxd5+ Qxd5
23.Qb5 Qxb5 24.Nxb5 d5 25.Nxa7 Rc5 26.Rb1 Bxc3 27.Re7 Rf7 28.Re8+ Kg7 29.Nb5 Bf6
30.g3 Re7 31.Rxe7+ Bxe7 32.a4 Rc4 33.Ra1 d4 34.a5 d3 35.Kf1 d2 36.Ke2 Rc1  0-1

[Event "6th Final RUS Cup"]
[Site "Nefteyugansk RUS"]
[Date "2002.10.14"]
[Round "11"]
[White "Pridorozhni,A"]
[Black "Arzumanian,G"]
[Result "1-0"]
[WhiteElo "2475"]
[BlackElo "2455"]

1.e4 c5 2.Nf3 Nc6 3.Bb5 Qc7 4.Bxc6 Qxc6 5.O-O Qxe4 6.d4 e6 7.dxc5 Bxc5 8.Nc3 Qb4
9.a3 Qb6 10.Na4 Qc7 11.Nxc5 Qxc5 12.b4 Qe7 13.Nd4 d5 14.Bf4 Nf6 15.Nb5 O-O
16.Bd6 Qd7 17.Bxf8 Kxf8 18.Nd4 b6 19.Qd3 Bb7 20.Rfe1 Rc8 21.Rad1 Qa4 22.Qg3 Ne4
23.Qf4 Kg8 24.Rd3 Qd7 25.Rh3 h6 26.Rd3 Qd6 27.Rxe4 Qxf4 28.Rxf4 e5 29.Rg4 exd4
30.Rgxd4 Rxc2 31.h3 a5 32.bxa5 bxa5 33.Rb3 Bc6 34.Rb8+ Kh7 35.Rc8 Ba4 36.Rxc2 Bxc2
37.Rxd5  1-0

[Event "19th Muensterland Open"]
[Site "Senden GER"]
[Date "2002.10.14"]
[Round "5"]
[White "Sandipan,C"]
[Black "Van der Weide,K"]
[Result "1/2-1/2"]
[WhiteElo "2510"]
[BlackElo "2400"]

1.e4 c5 2.Nf3 Nc6 3.Bb5 e6 4.b3 Nge7 5.Bb2 a6 6.Bxc6 Nxc6 7.O-O d6 8.c4 e5
9.Ne1 g6 10.f4 Bh6 11.Kh1 Nd4 12.Bxd4 cxd4 13.Nd3 Qh4 14.g3 Qg4 15.Na3 O-O
16.Nc2 Qxd1 17.Raxd1 Bg4 18.Rde1 f5 19.Nf2 Bf3+ 20.Kg1 Rae8  1/2-1/2

[Event "Essent Open"]
[Site "Hoogeveen NED"]
[Date "2002.10.18"]
[Round "8"]
[White "Brodsky,M"]
[Black "Alekseev,E"]
[Result "0-1"]
[WhiteElo "2547"]
[BlackElo "2593"]

1.e4 c5 2.Nf3 Nc6 3.Bb5 g6 4.O-O Bg7 5.c3 Nf6 6.Re1 O-O 7.d4 d5 8.e5 Ne4
9.Bxc6 bxc6 10.Nbd2 cxd4 11.cxd4 c5 12.dxc5 Nxc5 13.Nb3 Nxb3 14.Qxb3 Bg4
15.Nd4 Rb8 16.Qg3 Bd7 17.b3 Qa5 18.Bg5 Rfe8 19.a3 Qb6 20.Be3 Qa6 21.Bd2 Rbc8
22.Bc3 Qb6 23.Rac1 Rc5 24.Qe3 Rec8 25.Bd2 Rxc1 26.Bxc1 Qa5 27.b4 Qb6 28.Bb2 Rc4
29.h3 Ba4 30.Rc1 Qc7 31.Nf3 Rxc1+ 32.Bxc1 d4 33.Nxd4 Qxe5 34.Nf3 Qxe3 35.Bxe3 a6
36.Bc5 Kf8 37.Nd4 Ke8 38.f4 Bh6 39.g3 e5 40.fxe5 Bc1 41.b5 Bxb5 42.Kf2 Kd7
43.h4 Bc4 44.Kf3 a5 45.Ke4 Bb2 46.Ke3 Bc3 47.Kf2 a4 48.Bb6 h5 49.Ba7 Ba5
50.Ke3 Bc7 51.Ke4 Ba6 52.Bc5 Bb7+ 53.Kf4 f6 54.Bd6 Bxd6 55.exd6 Kxd6 56.Ne2 Kc5
57.Ke3 Kc4 58.Nf4 Kb3 59.Nxg6 Kxa3 60.g4 hxg4 61.h5 Bd5 62.Ne7 Ba2 63.Kf4 Bb1
64.Nf5 g3 65.Nxg3 Bh7 66.Nf5 Kb2 67.Nd6 a3 68.Nc4+ Kb3 69.Nxa3 Kxa3 70.Ke3 Kb3
71.Kd4 Kc2  0-1

[Event "TCh-FIN 2002-3"]
[Site "Finland FIN"]
[Date "2002.10.20"]
[Round "3"]
[White "Pulkkinen,K"]
[Black "Holmsten,A"]
[Result "1/2-1/2"]
[WhiteElo "2319"]
[BlackElo "2410"]

1.e4 c5 2.Nf3 Nc6 3.Bb5 g6 4.O-O Bg7 5.Re1 Nf6 6.e5 Nd5 7.Nc3 Nc7 8.Bxc6 dxc6
9.Ne4 Ne6 10.d3 O-O 11.Be3 b6 12.Qd2 Nd4 13.Nxd4 cxd4 14.Bh6 Qd5 15.Bxg7 Kxg7
16.Qg5 Qd8 17.h4 h5 18.a4 a5 19.Re2 Be6 20.f3 Rh8 21.Qf4 c5 22.b3 Qd7 23.Rae1 Rae8
24.g3 Bd5 25.Ng5 Be6 26.Rh2 Ref8 27.Ne4 Bd5 28.g4 Bxe4 29.Rxe4 Qe6 30.Qg5 Rh7
31.Re1  1/2-1/2

[Event "10th Chigorin Mem"]
[Site "St Petersburg RUS"]
[Date "2002.10.25"]
[Round "1"]
[White "Smirnov,P"]
[Black "Dobrov,V"]
[Result "1-0"]
[WhiteElo "2562"]
[BlackElo "2446"]

1.e4 c5 2.Nf3 Nc6 3.Bb5 d6 4.O-O Bd7 5.Re1 Nf6 6.c3 a6 7.Bf1 Bg4 8.d3 e6
9.Nbd2 Be7 10.h3 Bh5 11.g4 Bg6 12.Nh4 d5 13.Bg2 dxe4 14.dxe4 Qc7 15.Qe2 Rd8
16.Nxg6 hxg6 17.e5 Nd5 18.Nf3 b5 19.a4 c4 20.Qe4 Bc5 21.Bg5 Rc8 22.axb5 axb5
23.Rad1 Qb6 24.Re2 Na5 25.h4 b4 26.cxb4 Bxb4 27.Nd4 O-O 28.h5 c3 29.hxg6 cxb2
30.gxf7+ Rxf7 31.Rxb2 Nc3 32.Qg6 Nxd1 33.Be4 Kf8 34.Nxe6+ Qxe6 35.Qxe6 Re8
36.Qg6  1-0

[Event "10th Chigorin Mem B"]
[Site "St Petersburg RUS"]
[Date "2002.10.25"]
[Round "1"]
[White "Ivkina,O"]
[Black "Shvedov,S"]
[Result "1/2-1/2"]
[WhiteElo "2205"]
[BlackElo "2351"]

1.e4 c5 2.Nf3 Nc6 3.Bb5 g6 4.O-O Bg7 5.Re1 Nf6 6.e5 Nd5 7.Nc3 Nc7 8.Bxc6 dxc6
9.Ne4 b6 10.Nf6+ Kf8 11.Ne4 c4 12.b3 cxb3 13.axb3 h6 14.d4 Bg4 15.Ba3 Kg8
16.c4 Qd7 17.h3 Be6 18.Qd2 Kh7 19.Rad1 Rad8 20.Qf4 Bf5 21.Qh4 Bxe4 22.Ng5+ Kg8
23.Nxe4 g5 24.Qg3 Ne6 25.h4 Nxd4 26.Rxd4 Qxd4 27.Bxe7 Bxe5 28.Qxe5 Qxe5 29.Nf6+ Qxf6
30.Bxf6 Kh7 31.Bxh8 Kxh8 32.hxg5 hxg5 33.Re7 Kg7 34.Rxa7 Rd1+ 35.Kh2 Rb1
36.Rb7  1/2-1/2

[Event "10th Chigorin Mem B"]
[Site "St Petersburg RUS"]
[Date "2002.10.25"]
[Round "1"]
[White "Nemtzev,I"]
[Black "Kuzubov,Y"]
[Result "1/2-1/2"]
[WhiteElo "2335"]
[BlackElo "2186"]

1.e4 c5 2.Nf3 Nc6 3.Bb5 e6 4.O-O Nge7 5.c3 a6 6.Ba4 c4 7.d4 cxd3 8.Qxd3 Ng6
9.Bxc6 dxc6 10.Qxd8+ Kxd8 11.Rd1+ Ke8 12.e5 c5 13.h4 Bd7 14.h5 Ne7 15.Nbd2 Bc6
16.Nc4 Nf5 17.Nh2 b5 18.Na5 Bd5 19.b3 c4 20.bxc4 bxc4 21.g4 Ne7 22.Nf1 Rc8
23.Rb1 Be4 24.Rb4 Nd5 25.Rxc4 Rxc4 26.Nxc4 Nxc3 27.Re1 Bd3 28.Nfe3 Bc5 29.Bd2 Ne4
30.Rc1 Kd7 31.Be1 Bxc4 32.Rxc4 Bxe3 33.Rxe4 Bb6 34.Rf4 Rc8 35.Rxf7+ Ke8 36.Rb7 Bd4
37.Bb4 Rc2 38.Re7+ Kd8 39.Rxe6 Bxf2+ 40.Kf1 Rxa2 41.Rd6+ Ke8 42.e6 Ra4 43.Kxf2 Rxb4
44.Kg3 Rb7 45.Rxa6 Ke7 46.Rc6 Ra7 47.Kh4 h6 48.Rb6 Kf6 49.Kg3 Re7 50.Kf4 Rxe6
51.Rxe6+ Kxe6 52.g5 hxg5+ 53.Kxg5 Kf7 54.h6 gxh6+ 55.Kxh6  1/2-1/2

[Event "10th Chigorin Mem"]
[Site "St Petersburg RUS"]
[Date "2002.10.25"]
[Round "1"]
[White "Zimina,O"]
[Black "Gasanov,E"]
[Result "0-1"]
[WhiteElo "2376"]
[BlackElo "2473"]

1.e4 c5 2.Nf3 Nc6 3.Bb5 d6 4.O-O Bd7 5.Re1 Nf6 6.c3 a6 7.Bf1 Bg4 8.h3 Bh5
9.d4 Bxf3 10.gxf3 e6 11.d5 exd5 12.exd5+ Ne7 13.Na3 Qc7 14.Qa4+ Nd7 15.Bg5 f6
16.Bd2 O-O-O 17.c4 Ne5 18.Qd1 g5 19.b4 cxb4 20.Bxb4 h5 21.Rc1 N7g6 22.Nb5 Qb6
23.a4 axb5 24.cxb5+ Kb8 25.a5 Qd4 26.Qxd4 Nxf3+ 27.Kh1 Nxd4 28.Bc3 Nf5 29.Bd3 Ngh4
30.Bxf6 Bg7 31.Bxd8 Rxd8 32.b6 Bd4 33.Re2 g4 34.Bxf5 Nxf5 35.Rce1 Be5 36.Rxe5 dxe5
37.Rxe5 Rf8 38.hxg4 hxg4 39.Kg2 Nd6 40.Rg5 Rxf2+ 41.Kxf2 Ne4+ 42.Ke3 Nxg5
43.Kf4 Nh7 44.d6 Nf6 45.Kf5 Nd7 46.Kxg4 Kc8 47.Kf4 Nc5 48.Ke5 Kd7 49.Kd5 Na6
50.Kc4 Kxd6 51.Kd4 Kc6 52.Kc4 Nc5 53.Kb4 Kd5 54.Kc3 Na6 55.Kb3 Kc5 56.Ka4 Kc4  0-1

[Event "10th Chigorin Mem"]
[Site "St Petersburg RUS"]
[Date "2002.10.26"]
[Round "2"]
[White "Yandemirov,V"]
[Black "Smirnov,P"]
[Result "1/2-1/2"]
[WhiteElo "2472"]
[BlackElo "2562"]

1.e4 c5 2.Nf3 Nc6 3.Bb5 g6 4.O-O Bg7 5.c3 Nf6 6.Re1 O-O 7.e5 Nd5 8.d4 cxd4
9.cxd4 Nc7 10.Ba4 d6 11.Bxc6 bxc6 12.Nc3 Bg4 13.h3 Bxf3 14.Qxf3 Ne6 15.Be3 dxe5
16.dxe5 Qc7 17.Rac1 Rfd8 18.Nb5 Qa5 19.Qxc6 Bxe5 20.Bxa7 Bxb2 21.Bb6 Qxa2
22.Bxd8 Bxc1 23.Bxe7  1/2-1/2

[Event "10th Chigorin Mem B"]
[Site "St Petersburg RUS"]
[Date "2002.10.26"]
[Round "2"]
[White "Doluhanova,E"]
[Black "Nikolaev,N"]
[Result "1-0"]
[WhiteElo "2139"]
[BlackElo "2358"]

1.e4 c5 2.Nf3 Nc6 3.Bb5 Nf6 4.e5 Ng4 5.Bxc6 dxc6 6.d3 g6 7.h3 Nh6 8.Nc3 Bg7
9.Bf4 Nf5 10.Ne4 b6 11.Qd2 Nd4 12.Nxd4 Qxd4 13.Qc3 Bf5 14.Qxd4 cxd4 15.Ng3 Be6
16.O-O O-O 17.Rfe1 Rfd8 18.a4 c5 19.Ne4 Bd5 20.a5 Bxe4 21.Rxe4 b5 22.a6 e6
23.b4 Bf8 24.bxc5 Bxc5 25.Rb1 Rab8 26.Bd2 b4 27.Rb3 Rdc8 28.Re1 Rb6 29.Ra1 Be7
30.Ra2 g5 31.g3 Kg7 32.Kg2 Kg6 33.f4 gxf4 34.gxf4 Kf5 35.Kf3 Rg8 36.Be1 Rb5
37.Bf2 Bc5 38.Ra1 Rg6 39.Ra2 Rh6 40.h4 Rg6 41.Bg3 Rb8 42.Rb1 Rbg8 43.Rg1 Be7
44.h5 Rg4 45.Raa1 Bf8 46.Bh2 Bh6 47.Rxg4 Rxg4 48.Re1 Bf8 49.Rg1 Rxg1 50.Bxg1 Bc5
51.Bf2 Bb6 52.Bh4  1-0

[Event "Olympiad"]
[Site "Bled SLO"]
[Date "2002.10.27"]
[Round "2"]
[White "Kawuma,S"]
[Black "Doghri,N"]
[Result "1/2-1/2"]
[WhiteElo "2053"]
[BlackElo "2325"]

1.e4 c5 2.Nf3 Nc6 3.Bb5 g6 4.O-O Bg7 5.Re1 Nf6 6.d4 cxd4 7.Nxd4 Qb6 8.Bxc6 dxc6
9.c3 O-O 10.Qc2 Qc7 11.h3 e5 12.Ne2 Re8 13.Nd2 h6 14.a4 Nh7 15.b3 Be6 16.Bb2 h5
17.Rad1 h4 18.c4 Ng5 19.c5 Qe7 20.Kh2 Qf6 21.f4 Nh7 22.Bxe5 Qe7 23.Bxg7 Kxg7
24.Nf3 Rad8 25.b4 Kg8 26.Ned4 Bc8 27.e5 Nf8 28.Qf2 a5 29.b5 Qxc5 30.Qxh4 Rd5
31.bxc6 bxc6 32.Rc1 Qa3 33.Nxc6 Ne6 34.Ra1 Qf8 35.Red1 Rxd1 36.Rxd1 Bb7 37.Nfd4 Qc5
38.f5 Nxd4 39.Nxd4 Qxe5+ 40.Qg3 Qxg3+ 41.Kxg3 Rd8 42.fxg6 fxg6 43.Kf2 Bc6
44.Ke3 Bxg2 45.Rg1 Re8+ 46.Kd2 Be4 47.Rg5 Ra8  1/2-1/2

[Event "Olympiad w"]
[Site "Bled SLO"]
[Date "2002.10.27"]
[Round "2"]
[White "Agrest,S"]
[Black "Botsari,A"]
[Result "0-1"]
[WhiteElo "2232"]
[BlackElo "2320"]

1.e4 c5 2.Nf3 Nc6 3.Bb5 e6 4.O-O Nge7 5.Re1 Nd4 6.Nxd4 cxd4 7.c3 a6 8.Bf1 Nc6
9.d3 g6 10.Nd2 Bg7 11.Qb3 O-O 12.Nf3 b5 13.e5 dxc3 14.bxc3 d6 15.d4 dxe5
16.dxe5 Na5 17.Qb4 Bb7 18.Qf4 Bxf3 19.Qxf3 Qc7 20.Ba3 Rfc8 21.Bd6 Qc6 22.Qxc6 Rxc6
23.a4 bxa4 24.Ra2 a3 25.Rxa3 Nb7 26.Ra4 a5 27.Bb4 Rb6 28.c4 Bf8 29.Rea1 Rd8
30.Rc1 Bxb4 31.Ra2 Rc8 32.g3 Bc3 33.Rcc2 Rb3 34.f4 Nc5 35.Kg2 Ra8 36.Rxc3  0-1

[Event "Olympiad"]
[Site "Bled SLO"]
[Date "2002.10.27"]
[Round "2"]
[White "Lungu,N"]
[Black "Matsuura,E"]
[Result "1/2-1/2"]
[WhiteElo "2282"]
[BlackElo "2453"]

1.e4 c5 2.Nf3 Nc6 3.Bb5 e6 4.O-O Nge7 5.Re1 a6 6.Bf1 d5 7.exd5 Nxd5 8.c3 Be7
9.d4 cxd4 10.Nxd4 Nxd4 11.Qxd4 O-O 12.Nd2 Qc7 13.Qe5 Qxe5 14.Rxe5 Rd8 15.Re1 Bd7
16.Nf3 Rac8 17.Bd2 Be8 18.Red1 Bf6 19.Rac1 b5 20.Bg5 Bxg5 21.Nxg5 Nb6 22.Ne4 Na4
23.Rxd8 Rxd8 24.b3 Nb6 25.Rc2 Bc6 26.Rd2 Rxd2 27.Nxd2 Nd5 28.c4 Nb4 29.a3 Nc2
30.Nb1 e5 31.Bd3 Nd4 32.cxb5 axb5 33.Nc3 Kf8 34.f3 Ke7 35.Kf2 f5 36.a4 b4
37.Na2 Nxb3 38.Nxb4 Bxa4 39.Bxf5 g6 40.Bc2 Nc5 41.Bxa4 Nxa4 42.f4 exf4 43.Nd5+ Ke6  1/2-1/2

[Event "Blue Autumn"]
[Site "Bucharest ROM"]
[Date "2002.10.27"]
[Round "5"]
[White "Golubev,M"]
[Black "Radovanovic,D"]
[Result "1/2-1/2"]
[WhiteElo "2528"]
[BlackElo "2334"]

1.e4 c5 2.Nf3 Nc6 3.Bb5 d6 4.d4 cxd4 5.Qxd4 Bd7 6.Bxc6 Bxc6 7.Nc3 Nf6 8.Bg5 e6
9.O-O-O Be7 10.Kb1 O-O 11.h4 Qc8 12.Rh3 b5 13.Rg3 Kh8 14.e5 dxe5 15.Nxe5 b4
16.h5 h6 17.Qe3 Ng8 18.Bxe7 Nxe7 19.Qc5 bxc3 20.Qxe7 Qb8 21.Rxc3  1/2-1/2

[Event "10th Chigorin Mem"]
[Site "St Petersburg RUS"]
[Date "2002.10.27"]
[Round "3"]
[White "Ovetchkin,R"]
[Black "Frolyanov,D"]
[Result "1-0"]
[WhiteElo "2573"]
[BlackElo "2433"]

1.e4 c5 2.Nf3 Nc6 3.Bb5 e6 4.Bxc6 bxc6 5.d3 Ne7 6.Qe2 Ng6 7.h4 h5 8.e5 Rb8
9.Na3 Ba6 10.Qe4 f5 11.exf6 Qxf6 12.Bg5 Qf7 13.Qa4 Bb7 14.Qxa7 Bd6 15.Nc4 Qf8
16.Be3 Bc7 17.Bxc5 d6 18.Bb6 Qe7 19.Bxc7 Qxc7 20.Qd4 d5 21.Nce5 Ne7 22.Qf4 Nf5
23.Ng6 Qxf4 24.Nxf4 O-O 25.O-O-O Nd4 26.Nxd4 Rxf4 27.Nxe6 Rxf2 28.g3 Re8
29.Rde1 Rg2 30.Nc5 Rf8 31.Rhg1 Rh2 32.Rgf1 Rxf1 33.Rxf1 Bc8 34.a4 Rg2 35.a5  1-0

[Event "10th Chigorin Mem B"]
[Site "St Petersburg RUS"]
[Date "2002.10.27"]
[Round "3"]
[White "Grachev,J"]
[Black "Golovchenko,G"]
[Result "1-0"]
[WhiteElo "2395"]
[BlackElo "2269"]

1.e4 c5 2.Nf3 Nc6 3.Bb5 g6 4.Bxc6 bxc6 5.d3 Bg7 6.O-O d6 7.Ne1 Nh6 8.f4 f5
9.Nf3 O-O 10.Qe2 Nf7 11.c4 e5 12.Nc3 exf4 13.Bxf4 g5 14.Bd2 f4 15.h3 Rb8
16.Rab1 Rb7 17.Nd1 Ne5 18.Bc3 Bf6 19.Nf2 Qe8 20.Rfd1 h5 21.Kf1 Rg7 22.Bxe5 dxe5
23.Ke1 g4 24.hxg4 hxg4 25.Ng1 Bh4 26.Kd2 f3 27.gxf3 gxf3 28.Nxf3 Bxf2 29.Qxf2 Bg4
30.Qxc5 Rxf3 31.Kc2 Rgf7 32.Rd2 Qe6 33.Rg1 R3f4 34.Rh2 Qf6 35.Kc3 Rg7 36.Rgh1 Qe7
37.Qxc6 Qd7 38.Rh8+ Kf7 39.Qxd7+ Bxd7 40.Ra8 Ke7 41.Rxa7 Rf6 42.Rh5 Re6 43.b4 Kd8
44.b5 Rge7 45.Rh8+ Re8 46.Ra8+ Kc7 47.Raxe8 Bxe8 48.a4 Re7 49.a5 Kb7 50.Kb4 Ka7
51.c5 Bg6 52.b6+ Kb7 53.a6+  1-0

[Event "10th Chigorin Mem B"]
[Site "St Petersburg RUS"]
[Date "2002.10.27"]
[Round "3"]
[White "Lazhevskaya,Z"]
[Black "Loginov,Al"]
[Result "1-0"]
[WhiteElo "2087"]
[BlackElo "2334"]

1.e4 c5 2.Nf3 Nc6 3.Bb5 g6 4.O-O Bg7 5.c3 Nf6 6.Re1 O-O 7.d4 Qb6 8.Bc4 d6
9.e5 dxe5 10.dxe5 Ng4 11.e6 f6 12.Qe2 Nce5 13.Nxe5 Nxe5 14.Na3 a6 15.Be3 Qc7
16.Rad1 g5 17.f4 gxf4 18.Bxf4 b5 19.Bd5 Rb8 20.Qh5 Bb7 21.Re3 Bxd5 22.Rxd5 Qc6
23.Rh3 h6 24.Rd1 Qxe6 25.Bxh6 Rf7 26.Bf4 Rc8 27.Qh7+ Kf8 28.Bh6 Ke8 29.Qg8+ Bf8
30.Bxf8 Qg4 31.Bg7+  1-0

[Event "Olympiad w"]
[Site "Bled SLO"]
[Date "2002.10.28"]
[Round "3"]
[White "Dembo,Y"]
[Black "Velikhanli,F"]
[Result "1/2-1/2"]
[WhiteElo "2375"]
[BlackElo "2304"]

1.e4 c5 2.Nf3 Nc6 3.Bb5 g6 4.Bxc6 dxc6 5.d3 Bg4 6.h3 Bxf3 7.Qxf3 Bg7 8.O-O Qc7
9.Nc3 Nf6 10.Qe2 e5 11.Be3 b6 12.Qd2 Nh5 13.Ne2 O-O 14.Rae1 Rad8 15.Qc1 Qd7
16.Bh6 c4 17.Bxg7 cxd3 18.Bxf8 d2 19.Qb1 dxe1=Q 20.Qxe1 Kxf8 21.Qc3 Qd2 22.Qa3+ c5
23.Nc3 Qg5 24.Nd5 Nf4 25.Nxf4 exf4 26.Qxa7 f3 27.g3 Qf6 28.Qa3 Rd2 29.e5 Qxe5
30.Qxf3 Rxc2 31.Qa8+ Kg7 32.b3 Qe6 33.Qa6 Rd2 34.h4 h5 35.Qa4 Rd4 36.Qa8  1/2-1/2

[Event "Olympiad"]
[Site "Bled SLO"]
[Date "2002.10.28"]
[Round "3"]
[White "David,Alb"]
[Black "Valdes,Le"]
[Result "1-0"]
[WhiteElo "2511"]
[BlackElo "2426"]

1.e4 c5 2.Nf3 Nc6 3.Bb5 g6 4.Bxc6 dxc6 5.d3 Bg7 6.h3 e5 7.Be3 Qe7 8.Qd2 Nf6
9.Nc3 O-O 10.O-O b6 11.b3 a5 12.a4 Ba6 13.Kh1 Rad8 14.Ng1 Nh5 15.Nge2 f5
16.exf5 gxf5 17.Bg5 Bf6 18.Bxf6 Qxf6 19.Qe3 Rde8 20.Rae1 Kh8 21.Qf3 Qh6 22.Qe3 f4
23.Qf3 Bc8 24.Ng1 Ng7 25.Qd1 Nf5 26.Nf3 Qg7 27.Ne4 Rg8 28.Rg1 Qh6 29.Ned2 Nd4
30.Nxe5 Ref8 31.Ndf3 Rg7 32.c3 Nf5 33.Nh2 Nh4 34.Nef3 Nf5 35.Re5 Rfg8 36.Qe2 Rg6
37.Re8 Re6 38.Rxe6 Qxe6 39.Qb2 Qf6 40.Qd2 Nd6 41.c4 Bd7 42.Qe1 Bf5 43.Qe5 Qxe5
44.Nxe5 Re8 45.Nhf3 h6 46.Re1 Kg7 47.Kh2 Kf6 48.g3 fxg3+ 49.fxg3 Rc8 50.g4 Be6
51.d4 Nb7 52.Kg3 b5 53.axb5 cxb5 54.d5 bxc4 55.bxc4 Bg8 56.Rb1 Nd6 57.Rb6 Rd8
58.Ra6 Kg7 59.Rxa5 Bh7 60.Ra7+ Kg8 61.Nd7 Ne8 62.Nfe5 Rc8 63.d6 Bc2 64.Nb6  1-0

[Event "Olympiad w"]
[Site "Bled SLO"]
[Date "2002.10.28"]
[Round "3"]
[White "Nepeina Leconte,M"]
[Black "Ramaswamy,A"]
[Result "0-1"]
[WhiteElo "2329"]
[BlackElo "2271"]

1.e4 c5 2.Nf3 Nc6 3.Bb5 g6 4.O-O Bg7 5.c3 Nf6 6.Re1 O-O 7.h3 a6 8.Bxc6 bxc6
9.Na3 d6 10.d3 Qc7 11.Be3 e5 12.b4 cxb4 13.cxb4 d5 14.Qc2 a5 15.b5 Bb7 16.b6 Qd8
17.Bc5 Re8 18.Rab1 Nd7 19.Bd6 Nxb6 20.Bc5 Ra6 21.Bxb6 Rxb6 22.Rxb6 Qxb6 23.Rb1 Qa6
24.exd5 cxd5 25.Qc7 Ba8 26.Nb5 Rc8 27.Qe7 Bf6 28.Qa3 Rb8 29.Qc5 Qc6 30.Qa7 Rxb5
31.Rxb5 Qxb5 32.Qxa8+ Kg7 33.a4 Qxd3 34.Qxa5 e4 35.Ne1 Qd1 36.g4 Qc1 37.Kg2 Bc3
38.Qxd5 Qxe1 39.a5 e3 40.fxe3 Qe2+ 41.Kg3 Qxe3+ 42.Kg2 Qd2+ 43.Qxd2 Bxd2
44.a6 Be3 45.Kf3 Ba7 46.Ke4 Kf6 47.Kf4 Bb8+ 48.Kf3 Kg5 49.Kg2 Kh4  0-1

[Event "Olympiad w"]
[Site "Bled SLO"]
[Date "2002.10.28"]
[Round "3"]
[White "Arribas,M"]
[Black "Bakalarz,G"]
[Result "1-0"]
[WhiteElo "2348"]
[BlackElo "2098"]

1.e4 c5 2.Nf3 Nc6 3.Bb5 g6 4.O-O Bg7 5.Nc3 d6 6.d4 cxd4 7.Nxd4 Bd7 8.Be3 Nf6
9.f3 O-O 10.Nxc6 Bxc6 11.Bd4 Qa5 12.Qd3 Bxb5 13.Nxb5 a6 14.Na3 Rac8 15.c4 Nh5
16.Bxg7 Nxg7 17.Rf2 Ne6 18.Rd1 Rc7 19.Qd2 Qa4 20.Qc2 Qa5 21.Rd5 Rc5 22.Qd2 Qa4
23.Qc2 Qa5 24.Qd2 Qa4 25.f4 Rfc8 26.f5 Nc7 27.Rxc5 dxc5 28.e5 Qe8 29.Qe3 gxf5
30.Qg5+ Kh8 31.Qxf5 Kg8 32.Nc2 Ne6 33.Ne3 Ng7 34.Qg5 f6 35.exf6 exf6 36.Rxf6 Qd7
37.h3 Rc6 38.Rxc6 Qxc6 39.Nf5 Qc7 40.Ne7+ Kh8 41.Qf6 Qb8 42.h4  1-0

[Event "Olympiad"]
[Site "Bled SLO"]
[Date "2002.10.28"]
[Round "3"]
[White "Nevednichy,V"]
[Black "Nedev,T"]
[Result "1/2-1/2"]
[WhiteElo "2555"]
[BlackElo "2481"]

1.e4 c5 2.Nf3 Nc6 3.Bb5 e6 4.Bxc6 bxc6 5.d3 Ne7 6.O-O Ng6 7.Ng5 f6 8.Nh3 Be7
9.f4 O-O 10.c4 d6 11.Nc3 f5 12.exf5 Rxf5 13.Ne4 d5 14.Ng3 Rf8 15.Qe2 Bf6
16.Be3 Rb8 17.Rab1 Qe7 18.b3 Rb7 19.Rbc1 Rc7 20.Kh1 e5 21.f5 Nh4 22.Rce1 Qd6
23.Bc1 Rcf7 24.Ba3 Be7 25.Bb2 Nxf5 26.Nxf5 Bxf5 27.Bxe5 Qd7 28.Ng1 Bh4 29.Bg3 Bxg3
30.hxg3 Qd6 31.Qe3 d4 32.Qf4 Qg6 33.Qh4 Qd6 34.g4 Bxd3 35.Rxf7 Rxf7 36.Nf3 Rf8
37.Qh2 Qxh2+ 38.Kxh2 Bc2 39.Kg3 a5 40.Re5 a4 41.Rxc5 axb3 42.axb3 d3 43.Nd2 Re8
44.Rxc6 Re3+ 45.Kf4 Re2 46.Nf3 d2 47.Nxd2 Rxd2 48.b4 Rd4+ 49.Ke3 Rxg4 50.b5 Be4
51.Rc8+ Kf7 52.g3 Bh1 53.Kf2 Ke6 54.b6 Kd7 55.Rc7+ Kd8 56.c5 Rg6 57.Kg1 Bd5
58.Kh2 Rh6+ 59.Kg1 Rg6 60.Kh2 Bc6 61.Rf7 Kc8 62.Rc7+ Kb8 63.Rf7 Rh6+ 64.Kg1 Rg6
65.Kh2 Rg5 66.Rf8+ Kb7 67.Rf7+ Ka6 68.Ra7+ Kb5 69.b7 Bxb7 70.Rxb7+ Kxc5 71.Rd7 Kc6
72.Rd8 Rd5 73.Rg8 Rd7 74.Rh8 g6 75.Kh3 Kd5 76.Kg4 Ke6 77.Kg5 Rd5+ 78.Kg4 h5+
79.Kh4 Rd4+ 80.Kh3 Kf5 81.Rf8+ Kg5 82.Ra8 Rd2 83.Ra5+ Kf6 84.Ra6+ Kf5 85.Ra5+ Kf6
86.Ra6+ Kg5 87.Ra5+ Kh6 88.Ra6 Re2 89.Rb6 Rf2 90.Ra6 Kg5 91.Ra8 Rf5 92.Ra6 Re5
93.Ra8 Kf6 94.Ra6+ Kf5 95.Ra4 g5 96.g4+ hxg4+  1/2-1/2

[Event "6th OIBM"]
[Site "Bad Wiessee GER"]
[Date "2002.10.29"]
[Round "4"]
[White "Kindermann,S"]
[Black "Van der Weide,K"]
[Result "1-0"]
[WhiteElo "2519"]
[BlackElo "2400"]

1.e4 c5 2.Nf3 Nc6 3.Bb5 e6 4.Bxc6 bxc6 5.d3 Ne7 6.O-O Ng6 7.Ng5 f6 8.Nh3 d5
9.Qh5 Qc7 10.f4 Qf7 11.c4 Bd6 12.Nc3 O-O 13.b3 Bd7 14.Ba3 Rfe8 15.Rae1 Rad8
16.Na4 Bc8 17.Bxc5 Bb8 18.g3 Bd7 19.Ng5  1-0

[Event "Olympiad"]
[Site "Bled SLO"]
[Date "2002.10.29"]
[Round "4"]
[White "Kallio,H"]
[Black "Belkhodja,S"]
[Result "1/2-1/2"]
[WhiteElo "2471"]
[BlackElo "2497"]

1.e4 c5 2.Nf3 Nc6 3.Bb5 Nf6 4.e5 Nd5 5.Nc3 Nc7 6.a4 g6 7.O-O Bg7 8.Re1 O-O
9.d3 Ne6 10.Bc4 d6 11.exd6 exd6 12.Nd5 Ne5 13.c3 Bd7 14.Bb5 Bc6 15.Bxc6 bxc6
16.Nf4 Nxf3+ 17.Qxf3 Qd7 18.Nxe6 fxe6 19.Qg4 Rae8 20.a5 Qf7 21.Be3 Rb8 22.Re2 a6
23.Rf1 e5 24.Qa4 Qb7 25.c4 Qd7 26.Qc2 h5 27.Bd2 Rf5 28.Bc3 g5 29.Qa4 g4 30.Re4 Rbf8
31.b4 cxb4 32.Bxb4 Bh6 33.Qc2 R8f7 34.Bd2 Bf8 35.d4 exd4 36.Rxd4 Qe6 37.Re4 Qf6
38.Bc3 Qg6 39.Qe2 Rf4 40.Rxf4 Rxf4 41.c5 d5 42.Qxa6 Bxc5 43.Bd2 Rf7 44.Qc8+ Kh7
45.g3 h4 46.Bf4 Rxf4 47.gxf4 g3 48.hxg3 Qxg3+ 49.Kh1 Qf3+ 50.Kg1 Qg3+ 51.Kh1 Qf3+
52.Kg1  1/2-1/2

[Event "Olympiad w"]
[Site "Bled SLO"]
[Date "2002.10.29"]
[Round "4"]
[White "Paehtz,E"]
[Black "Hagarova,Z"]
[Result "1/2-1/2"]
[WhiteElo "2349"]
[BlackElo "2333"]

1.e4 c5 2.Nf3 Nc6 3.Bb5 Nf6 4.e5 Nd5 5.O-O g6 6.Bxc6 bxc6 7.c4 Nc7 8.d4 cxd4
9.Qxd4 Ne6 10.Qh4 Bg7 11.Nc3 O-O 12.Ng5 Nxg5 13.Bxg5 f6 14.exf6 exf6 15.Bh6 Bxh6
16.Qxh6 d5 17.cxd5 cxd5 18.Rad1 Bb7 19.Rfe1 Rf7 20.Qf4 Qb6 21.Rd2 Kg7 22.Qd4 Qxd4
23.Rxd4 Rd8 24.Red1 Rfd7 25.f4 Kf7 26.Kf2 Re8 27.R1d2 Red8 28.g3 h5 29.h4 Bc6
30.b4 a6 31.a3 Rc8 32.R2d3 Re8 33.Re3 Rxe3 34.Kxe3 Ke6 35.Nd1 Bb5 36.Kd2 Rc7
37.Ne3 Rd7 38.Kc3 Ba4 39.Rd3 Bb5 40.Rd1 Ba4 41.Rd2 Bc6 42.Nc2 Ba4 43.Nd4+ Kd6
44.Rd3 Rc7+ 45.Kd2 Bd7 46.Rc3 Rb7 47.Rc5 Rb8 48.Ra5 Bc8 49.Rc5 Bd7 50.Ne2 Re8
51.Rc3 a5 52.bxa5 Ra8 53.Rb3  1/2-1/2

[Event "Olympiad"]
[Site "Bled SLO"]
[Date "2002.10.29"]
[Round "4"]
[White "Cuartas,J"]
[Black "Gulko,B"]
[Result "1/2-1/2"]
[WhiteElo "2435"]
[BlackElo "2594"]

1.e4 c5 2.Nf3 Nc6 3.Bb5 e6 4.Bxc6 bxc6 5.O-O Ne7 6.b3 Ng6 7.Bb2 f6 8.e5 Be7
9.d3 O-O 10.Nbd2 Qc7 11.Qe2 fxe5 12.Nxe5 Nf4 13.Qg4 d6 14.Nec4 e5 15.Qd1 Be6
16.Kh1 Rf7 17.f3 Raf8 18.a3 Nd5 19.Qe1 Re8 20.Qf2 Bf8 21.Rae1 Bc8 22.Re4 Re6
23.Ra1 Nf4 24.Ree1 Ng6 25.Nf1 d5 26.Ncd2 Bd6 27.g3 Re8 28.Qg2 Be6 29.Ne3 Qd7
30.Re2 Bh3 31.Qg1 h5 32.Rae1 Ref8 33.Nd1 Qd8 34.Nf2 Bd7 35.Qg2 h4 36.Kg1 Qg5
37.Bc1 hxg3 38.hxg3 Qh5 39.Qh2 Qxh2+ 40.Kxh2 Rf5 41.Kg1 Kf7 42.Kg2 Rh8 43.Rh1 Rxh1
44.Kxh1 Rg5 45.Nf1 Rh5+ 46.Kg2 Nf8 47.Ne3 Ne6 48.c3 g6 49.Neg4 Nf8  1/2-1/2